000 01004nam a2200277Ia 4500
003 OSt
005 20221005104813.0
006 a|||||r|||| 00| 0
007 ta
008 221004b |||||||| |||| 00| 0 hin d
020 _a9789385145271 (hbk)
_cINR 450.00
024 _a42647
037 _b306, 15/03/2019, Shivalik Prakashan
_cTextual
040 _aCRL
_cCRL
_bhin
041 _2hin
_ahin
082 _aO152,6M80:g, Q9
100 _aसिंह, पी. एन., ले.
245 0 _aअपने - अपने प्रेमचन्द
246 _aApane - apane premachanda
260 _aदिल्ली
_bशिवालिक प्रकाशन भारत
_c2019
300 _a155पृ0
_ccm.
650 _a हिन्दी साहित्य
650 _aहिन्दी निबंध
942 _hO152,6M80:g, Q9
_cTEXL
_2cc
999 _c1013845
_d1013845